| 000 | 01017nas a2200337 4500 | ||
|---|---|---|---|
| 001 | BR0904952 | ||
| 003 | BR-BrBNA | ||
| 005 | 20231205113550.0 | ||
| 007 | ta | ||
| 008 | 230509b bl.|||p| |||| 00| 00por d | ||
| 040 |
_aBR-BrBNA _bpor _cBiblioteca Nacional de Agricultura |
||
| 041 | _a(Pt) | ||
| 072 | _aQ03 | ||
| 100 | 1 | _aGalhardo, J.A. | |
| 100 | 1 | _aLopes, M. | |
| 100 | 1 | _aOliveira, J.T. de | |
| 100 | 1 | _aTamanini, R. | |
| 100 | 1 | _aSanches, S.F. | |
| 100 | 1 | _aFreitas, J.C. de | |
| 100 | 1 | _aMüller, E.E. | |
| 245 | 1 | _aEficácia dos tanques de pré-resfriamento na redução de contaminação bacteriana em carcaças de frango | |
| 650 | _aFRANGO | ||
| 650 | _aCARCAÇA | ||
| 650 | _aCONTAMINAÇÃO | ||
| 650 | _aPRESERVAÇÃO DE ALIMENTO | ||
| 650 | _aCOLIFORME | ||
| 650 | _aCONTROLE DE QUALIDADE | ||
| 773 | 0 |
_tSemina. Ciências Agrárias (Brazil) _xISSN 1676-546X _g(Oct-Dec 2006), v. 27(4) p. 647-656 _wBR0904952 |
|
| 909 |
_a202311 _bLúcia _c55 _dLúcia Elande |
||
| 942 |
_2AGRIS _n0 _cANA |
||
| 999 |
_c204462 _d204462 |
||